El caso "Vicentin" (Registro nro. 30784)

Detalles MARC
000 -LEADER
fixed length control field 00311 a2200109 4500
001 - CONTROL NUMBER
control field ART_51091
005 - DATE AND TIME OF LATEST TRANSACTION
control field 20260410161955.0
008 - FIXED-LENGTH DATA ELEMENTS--GENERAL INFORMATION
fixed length control field 260409a
100 1# - MAIN ENTRY--PERSONAL NAME
Personal name Escuti, Ignacio A.
245 10 - TITLE STATEMENT
Title El caso "Vicentin"
773 0# - HOST ITEM ENTRY
Title Temas de derecho comercial
Related parts - Año 6, N° 8 (ago. 2020)
Record control number REV28151

No hay ítems disponibles.